00643nam a22002057a 450000500170000001000130001702000220003003500130005203700160006504000120008108200180009310000210011124500740013226000450020627000490025130000370030050000510033765000240038865000250041220170124110222.0 aA-943821 c00.00a8170249813 aA-943821 bCen Lib/Ret aDPLbEN a338.4791bJAI aJai, Yashodhara  aTourism developement :cby Yashodhara Jain bproblems and prospects / aNew DelhibA.P.H. publishing housec1998 bNew Delhia5, Ansari road, Daryaganje110002 axvi,124p.:c24cm(Hb)bill.emaps aIncludes bibliographical references and index  aTravel and tourism  aTourism development